000 01188nam a2200289 i 4500
001 12770
003 ES-MaACL
005 20250831091926.0
007 t|
008 900104s1988 sp b |||| | spa j
020 _a84-85691-39-3
080 _a016:329(460)(093)
080 _a016:331.105.44(460)(093)
080 _a930.255(460)
110 2 _aFundación Pablo Iglesias.
_bArchivo y Biblioteca
_94375
245 1 0 _aCatálogo de los archivos de guerra civil de las comisiones ejecutivas del Partido Socialista Obrero Español y de la Unión General de Trabajadores /
_celaborado por Aurelio Martín Nájera ... [et al.] ; bajo la dirección y supervisión de Aurelio Martín Nájera.
250 _a1ª ed.
260 _aMadrid :
_bPablo Iglesias,
_c1988.
300 _a430 p. ;
_c24 cm.
504 _aÍndices.
610 2 _aPartido Socialista Obrero Español-
_vHistoria-
_vFuentes-
_vBibliografías.
_9155558
610 2 _aUGT-
_vHistoria-
_vFuentes-
_vBibliografías.
_97031
610 2 4 _aFundación Pablo Iglesias.
_bArchivo y Biblioteca-
_vCatálogos
_94376
700 1 _aMartín Nájera, Aurelio.
_977584
852 _aES-MaACL
_jL-20001
999 _c12770
_d12770